000 00863cam a2200241 4500
001 L129368
008 050414n2004 000 0 eng u
020 _a1860817254
035 _a(Sirsi) u129368
041 _aeng
050 _a693.5
_c18
100 _aNixon, P. J.
245 _aConcrete with minimal or no primary aggregate content
_b the MAGCON pilot study
260 _aWatford
_bBRE
_c2004
300 _a8p.
_c30cm.
350 _a12
490 _aBRE Information Paper
_v12/04
520 _aDescribes the results of a pilot study to investigate ways of reducing the volume of primary aggregates in concrete.
690 _aBUILT ENVIRONMENT-BUILDING MATERIALS- CEMENTITIOUS, CONCRETE AND MINERAL BOUND MATERIALS-CONCRETE
710 _aUnited Kingdom
_bDepartment of Trade and Industry
710 _aBuilding Research Establishment
942 _n0
999 _c104158
_d104158